Rainbow Six Operator By Name - Statistics

General Stats
  • This quiz has been taken 197 times
    159 since last reset
  • The average score is 35 of 54
Answer Stats
Hint Answer % Correct
Timor Glazkov Glaz
90%
Shuhrat Kessikbayev Fuze
82%
Monika Weiss IQ
79%
Zofia Bosak Zofia
79%
Alexandr Senaviev Tachanka
78%
Elias Kötz Blitz
75%
Maxim Basuda Kapkan
75%
Marius Streicher Jäger
74%
Eliza Cohen Ash
73%
Dominic Brunsmeier Bandit
72%
Elzbieta Bosak Ela
72%
Seamus Cowden Sledge
72%
James Porter Smoke
71%
Gustave Kateb Doc
70%
Gilles Touré Montagne
70%
Miles Campbell Castle
69%
Mark Chandar Mute
69%
[REDACTED] Nøkk
69%
Julien Nizan Rook
69%
Mike Baker Thatcher
69%
Jordan Trace Thermite
69%
Emmanuelle Pichon Twitch
69%
Jack Estrada Pulse
68%
Siu Mei Lin Ying
67%
Liu Tze Long Lesion
66%
Max Goose Mozzie
66%
Grace Nam Dokkaebi
65%
Jalal El Fassi Kaid
63%
Sanaa El Maktoub Nomad
63%
Chul Kyung Hwa Vigil
63%
Sebastien Côté Buck
62%
Tina Lin Tsang Frost
62%
Tori Tallyo Fairous Gridlock
62%
Yumiko Imagawa Hibana
62%
Erik Thorn Maverick
61%
Taina Pereira Caveira
60%
Lera Melnikova Finka
60%
Olivier Flament Lion
60%
Collinn McKinley Warden
60%
Masaru Enatsu Echo
59%
Elena Maria Alvarez Del Manzano Mira
59%
Aria De Luca Alibi
58%
Craig Jenson Blackbeard
58%
Vicente Souza Capitão
58%
Meghan J. Castellano Valkyrie
58%
Ryad Ramirez Al-Hassar Jackal
57%
Morowa Evans Clash
56%
Adriano Martello Maestro
56%
Ngũgĩ Muchoki Furaha Wamai
56%
Saif Al Hadid Oryx
55%
César Ruiz Hernández Goyo
54%
Nienke Meijer Iana
53%
Azucena Rocìo Quispe Amaru
52%
Jaimini Kalimohan Shah Kali
51%
No matching quizzes found
Score Distribution
Percent of People with Each Score
Percentile by Number Answered
Your Score History
You have not taken this quiz since the last reset